000 00445nam a2200181Ia 4500
001 14883
005 20260306164947.0
008 260306t1999||||xx |||||||||||||| ||spa||
041 _aESP
082 _a519.5
_bG67F
100 _aGonzález-Conde Llopis, Carlos
_eAUT
245 0 _aFuentes de información estadística
260 _c1999
300 _a203 páginas :
_c29 cm.
650 _aGEN
654 _aCMA
942 _cLIB
_dJUS
_fJUS
_2ddc
_n
999 _c14883
_d14883